| 000 | 00865cam a2200217 4500 | ||
|---|---|---|---|
| 001 | WB3714-54 | ||
| 008 | 000000n2001 000 0 eng u | ||
| 035 | _a(Sirsi) u111834 | ||
| 245 | _aWork on listed building | ||
| 260 | _c2001 | ||
| 490 |
_aEstates Gazette Case Summaries _v[2001] EGCS 40(1) (31/03/01) |
||
| 520 | _a"Customs & Excise Commissioners v Zielinski Baker & Partners Ltd", ChD 15 March 2001, which examined whether the defendant (Z) could claim that major construction work within the curtilage of a listed house should be zero-rated under Value Added Tax Act 1994 Sch 8 Group 6. Appeal upheld. | ||
| 590 | _aWB | ||
| 650 | _aVALUE ADDED TAX 1994 Sch 8 | ||
| 650 | _aLISTED BUILDINGS | ||
| 650 | _aCURTILAGE | ||
| 650 | _aCONVERSIONS | ||
| 650 | _aCUSTOMS AND EXCISE COMMISSIONERS V ZIELINSKI BAKER | ||
| 690 | _aTAXATION | ||
| 942 | _n0 | ||
| 999 |
_c66641 _d66641 |
||